Előszó
Elmentve itt :
| Szerző: | |
|---|---|
| Dokumentumtípus: | Könyv része |
| Megjelent: |
2018
|
| Kiadás: | Bilingual edition |
| Sorozat: | Közép-európai Monográfiák
18 Beszélgetések vágatlanul : Polgári Szilvia portrésorozata = Conversations : uncut version : Szilvia Polgári's portrait series 18 |
| Kulcsszavak: | Közélet - Magyarország - 21. sz. - interjúk - előszó |
| Tárgyszavak: | |
| Online Access: | http://acta.bibl.u-szeged.hu/73201 |
| LEADER | 00923naa a2200241 i 4500 | ||
|---|---|---|---|
| 001 | acta73201 | ||
| 005 | 20220106121547.0 | ||
| 008 | 210813s2018 hu o 0|| hun d | ||
| 020 | |a 978-615-80462-5-1 | ||
| 022 | |a 2062-3712 | ||
| 040 | |a SZTE Egyetemi Kiadványok Repozitórium |b hun | ||
| 041 | |a hun | ||
| 100 | 1 | |a Batthyány Ádám | |
| 245 | 1 | 0 | |a Előszó |h [elektronikus dokumentum] / |c Batthyány Ádám |
| 260 | |c 2018 | ||
| 250 | |a Bilingual edition | ||
| 300 | |a 7-8 | ||
| 490 | 0 | |a Közép-európai Monográfiák |v 18 | |
| 490 | 0 | |a Beszélgetések vágatlanul : Polgári Szilvia portrésorozata = Conversations : uncut version : Szilvia Polgári's portrait series |v 18 | |
| 650 | 4 | |a Bölcsészettudományok | |
| 650 | 4 | |a Történettudomány és régészet | |
| 695 | |a Közélet - Magyarország - 21. sz. - interjúk - előszó | ||
| 856 | 4 | 0 | |u http://acta.bibl.u-szeged.hu/73201/1/kek_mono_018_007-008.pdf |z Dokumentum-elérés |